[Event "73. Bezirkseinzelmeisterschaft 2018-19"]
[Site "?"]
[Date "2019.08.12"]
[Round "1.2"]
[White "Kaluza, Lucas"]
[Black "Wichtrup, Jan-Louis"]
[Result "0-1"]
[WhiteElo "1528"]
[BlackElo "2170"]
[PlyCount "56"]
[EventDate "2019.??.??"]
[WhiteTeam "SF Brackel"]
[BlackTeam "Dortmunder SV 1875"]

1. e4 c5 2. d4 cxd4 3. c3 d3 4. Bxd3 d6 5. c4 Nf6 6. Nc3 a6 7. Nf3 e6 8. O-O
Be7 9. h3 O-O 10. Be3 Qc7 11. Qc2 b6 12. Nd4 Nbd7 13. f4 Re8 14. g4 Nc5 15. g5
Nfd7 16. Nf3 Bb7 17. Be2 Nf8 18. h4 Rac8 19. h5 Qb8 20. Nh2 Qa8 21. Bf3 b5 22.
f5 b4 23. Ne2 Bxe4 24. Bxe4 Qxe4 25. Qd2 exf5 26. Ng3 Qd3 27. Nxf5 Qxd2 28.
Bxd2 Ne4 0-1

[Event "73. Bezirkseinzelmeisterschaft 2018-19"]
[Site "?"]
[Date "2019.08.12"]
[Round "1.4"]
[White "Ziemek, Gerhard"]
[Black "Barskij, Aleksandr"]
[Result "0-1"]
[WhiteElo "1519"]
[BlackElo "1890"]
[PlyCount "70"]
[EventDate "2019.??.??"]
[WhiteTeam "Marten-Bövinghausen"]
[BlackTeam "SF Brackel"]

1. d4 Nf6 2. Nc3 d5 3. e4 dxe4 4. f3 exf3 5. Nxf3 g6 6. Bc4 Bg7 7. O-O O-O 8.
Bg5 Bg4 9. Qd2 Bxf3 10. Rxf3 Nc6 11. Rd1 Qd7 12. a3 Rad8 13. Rd3 a6 14. b4 Qc8
15. Bh6 e5 16. d5 Nd4 17. Bxg7 Kxg7 18. Rh3 h5 19. Rf1 Qg4 20. Qf2 Rd6 21. Bd3
Qg5 22. Rg3 Ng4 23. Qe1 f5 24. h3 h4 25. Rxg4 fxg4 26. Rxf8 Kxf8 27. Ne4 Qf4
28. Nxd6 cxd6 29. Bxg6 gxh3 30. Bd3 hxg2 31. Be4 h3 32. Qf2 Qxf2+ 33. Kxf2 Kg7
34. a4 Ne2 35. Bf3 g1=Q+ 0-1

[Event "73. Bezirkseinzelmeisterschaft 2018-19"]
[Site "?"]
[Date "2019.08.12"]
[Round "1.7"]
[White "Schulz-Runge, Michael"]
[Black "Zabel, Reinhard"]
[Result "1-0"]
[WhiteElo "1758"]
[BlackElo "1417"]
[PlyCount "65"]
[EventDate "2019.??.??"]
[WhiteTeam "FS 98 Dortmund"]
[BlackTeam "DB Brambauer"]

1. e4 e5 2. Nf3 Nf6 3. Nxe5 d6 4. Nxf7 Kxf7 5. d4 Be7 6. Bc4+ Be6 7. d5 Bg4 8.
Qd3 Nbd7 9. Nc3 Ne5 10. Qd4 Nxc4 11. Qxc4 Bd7 12. O-O Ke8 13. f4 c6 14. e5 cxd5
15. Nxd5 Nxd5 16. Qxd5 Bc6 17. Qd1 g6 18. Qe2 Qc7 19. exd6 Qxd6 20. Be3 Qe6 21.
Rfe1 Kf7 22. Qf2 Qf5 23. Rad1 Rhg8 24. Qe2 Qh5 25. Qc4+ Kf8 26. Bf2 Qg4 27. Bg3
Rg7 28. Qc3 Qf5 29. Re5 Qf7 30. f5 Bf6 31. Qc5+ Be7 32. Rxe7 Qxf5 33. Re5+ 1-0

[Event "73. Bezirkseinzelmeisterschaft 2018-19"]
[Site "?"]
[Date "2019.08.12"]
[Round "1.10"]
[White "Fischer, Gerhard"]
[Black "Kantor, Nikita"]
[Result "0-1"]
[WhiteElo "1330"]
[BlackElo "1847"]
[PlyCount "88"]
[EventDate "2019.??.??"]
[WhiteTeam "Marten-Bövinghausen"]
[BlackTeam "SF Brackel"]

1. b4 g6 2. Bb2 Nf6 3. b5 Bg7 4. e3 a6 5. a4 b6 6. d4 Bb7 7. Nf3 d6 8. Be2 Nbd7
9. c4 Ne4 10. Nbd2 h6 11. Nxe4 Bxe4 12. O-O f5 13. Nd2 Bb7 14. Bf3 Bxf3 15.
Nxf3 O-O 16. Qc2 axb5 17. axb5 e5 18. dxe5 Nxe5 19. Nxe5 dxe5 20. Rxa8 Qxa8 21.
Rd1 Rd8 22. Rxd8+ Qxd8 23. h3 Qd6 24. Kf1 Kf7 25. Ke2 Bf6 26. e4 Ke6 27. f3 Qc5
28. Kf1 Bh4 29. Qe2 Bg3 30. Bc3 Bh2 31. Ke1 Bg1 32. Kd1 f4 33. Qd3 Bd4 34. Bxd4
exd4 35. Ke2 Ke5 36. Kf2 Qb4 37. Ke2 Qb2+ 38. Qd2 Qa3 39. Qd3 Qa2+ 40. Kf1 g5
41. Kg1 h5 42. Kf1 Qb2 43. Qe2 Qc3 44. Qa2 d3 0-1

[Event "73. Bezirkseinzelmeisterschaft 2018-19"]
[Site "?"]
[Date "2019.08.12"]
[Round "1.11"]
[White "Begna, Bozidar"]
[Black "Bensch, Christian"]
[Result "1-0"]
[WhiteElo "2042"]
[BlackElo "1329"]
[PlyCount "85"]
[EventDate "2019.??.??"]
[WhiteTeam "SC Hansa Dortmund"]
[BlackTeam "SC Wambel 77"]

1. c4 c5 2. g3 Nc6 3. Bg2 Nf6 4. Nc3 g6 5. e4 d6 6. Nge2 Bg7 7. d4 cxd4 8. Nxd4
O-O 9. Nxc6 bxc6 10. e5 dxe5 11. Qxd8 Rxd8 12. Bxc6 Rb8 13. Bg2 Bf5 14. b3 Rd3
15. Bb2 Rbd8 16. Rd1 e4 17. O-O Rd2 18. Bc1 R2d3 19. Rfe1 Bg4 20. Rxd3 exd3 21.
Bd2 Kf8 22. h3 Bc8 23. Rd1 h5 24. f3 Ne8 25. Nd5 Bb7 26. Ba5 Bd4+ 27. Kf1 Bb6
28. Bxb6 axb6 29. Rxd3 e6 30. Nb4 Rxd3 31. Nxd3 Nd6 32. Kf2 Ke7 33. c5 bxc5 34.
Nxc5 Bd5 35. f4 f5 36. Bf1 Ne4+ 37. Nxe4 Bxe4 38. Ke3 Kd6 39. Kd4 Bd5 40. h4
Bc6 41. Bc4 Bd7 42. a4 Bc8 43. Bb5 1-0

[Event "73. Bezirkseinzelmeisterschaft 2018-19"]
[Site "?"]
[Date "2019.08.12"]
[Round "1.16"]
[White "Griese, Andreas"]
[Black "Richter, Jan"]
[Result "0-1"]
[WhiteElo "1170"]
[BlackElo "1745"]
[PlyCount "92"]
[EventDate "2019.??.??"]
[WhiteTeam "SC Hansa Dortmund"]
[BlackTeam "SV Eichlinghofen"]

1. d4 f5 2. Nf3 Nf6 3. c4 e6 4. Nc3 b6 5. e3 Bb7 6. Be2 d5 7. O-O c6 8. b3 Bd6
9. h3 O-O 10. Bb2 Nbd7 11. Rc1 Rc8 12. cxd5 Nxd5 13. Nxd5 cxd5 14. h4 Qe7 15.
Ne5 Rxc1 16. Bxc1 Nxe5 17. dxe5 Bxe5 18. f4 Bf6 19. g3 Rc8 20. Qd2 Qc5 21. Bb2
Bxb2 22. Qxb2 Qxe3+ 23. Kh2 a5 24. Rf3 Qc1 25. Qe5 Qc6 26. Re3 Kf8 27. Qxe6
Qxe6 28. Rxe6 Rc2 29. Kg1 Bc8 30. Re5 Rxa2 31. Bb5 Kf7 32. Rxd5 Be6 33. Rd6
Bxb3 34. Rxb6 a4 35. Rb7+ Kg6 36. Be8+ Kh6 37. Rb6+ g6 38. Bd7 Kh5 39. Be6 Bxe6
40. Rxe6 Kg4 41. Re3 a3 42. Kf1 Kh3 43. Ke1 Ra1+ 44. Kd2 a2 45. Ra3 Rg1 46. Kc2
a1=Q 0-1

[Event "73. Bezirkseinzelmeisterschaft 2018-19"]
[Site "?"]
[Date "2019.08.12"]
[Round "1.20"]
[White "Böckmann, Lieselotte"]
[Black "Krug, Michael"]
[Result "0-1"]
[WhiteElo "958"]
[BlackElo "1891"]
[PlyCount "62"]
[EventDate "2019.??.??"]
[WhiteTeam "FS 98 Dortmund"]
[BlackTeam "SC Wambel 77"]

1. c4 e6 2. Nc3 d5 3. e3 Nf6 4. Nf3 c6 5. Be2 Bd6 6. O-O O-O 7. d3 Nbd7 8. b3
Re8 9. Bb2 e5 10. e4 d4 11. Nb1 Nf8 12. Bc1 Ne6 13. Nh4 Nxe4 14. Nf5 Nf6 15.
Nxd6 Qxd6 16. Nd2 Nf4 17. Ne4 Nxe4 18. dxe4 Nxe2+ 19. Qxe2 f5 20. f4 fxe4 21.
Kh1 e3 22. f5 Bd7 23. Bb2 c5 24. Qf3 Bc6 25. Qg3 Rf8 26. b4 b6 27. Rad1 e2 28.
Bc1 exd1=Q 29. Rxd1 Rxf5 30. Re1 Raf8 31. Qd3 Qg6 0-1

[Event "73. Bezirkseinzelmeisterschaft 2018-19"]
[Site "Dortmund"]
[Date "2019.08.13"]
[Round "2.1"]
[White "Lauche, Christoph"]
[Black "Luft, Dennis"]
[Result "0-1"]
[WhiteElo "1775"]
[BlackElo "2299"]
[PlyCount "62"]
[EventDate "2019.??.??"]
[WhiteTeam "FS 98 Dortmund"]
[BlackTeam "SF Brackel"]

1. e4 e5 2. Nf3 Nc6 3. Nc3 Nf6 4. Nxe5 Nxe5 5. d4 Ng6 6. e5 Ng8 7. Bc4 c6 8.
Qf3 d5 9. exd6 Be6 10. d5 Ne5 11. Qe2 Nxc4 12. dxe6 Nxd6 13. O-O f5 14. Bf4 Qc7
15. Na4 Be7 16. c4 c5 17. Qe5 Nf6 18. Nxc5 Qc6 19. Nd7 Qe4 20. c5 Qxe5 21. Nxe5
Nde4 22. c6 bxc6 23. Nxc6 Bc5 24. b4 Nd5 25. Be5 Nxb4 26. Nxb4 Bxb4 27. Bxg7
Rg8 28. Bd4 Nd2 29. Rfd1 Nf3+ 30. Kh1 Nxd4 31. Rxd4 Bc3 0-1

[Event "73. Bezirkseinzelmeisterschaft 2018-19"]
[Site "Dortmund"]
[Date "2019.08.13"]
[Round "2.2"]
[White "Wichtrup, Jan-Louis"]
[Black "Begna, Bozidar"]
[Result "1-0"]
[WhiteElo "2170"]
[BlackElo "2042"]
[PlyCount "101"]
[EventDate "2019.??.??"]
[WhiteTeam "Dortmunder SV 1875"]
[BlackTeam "SC Hansa Dortmund"]

1. Nf3 Nf6 2. g3 b5 3. Bg2 Bb7 4. Na3 a6 5. c4 bxc4 6. Nxc4 c5 7. O-O e6 8. d3
Be7 9. Bd2 Nc6 10. Qa4 O-O 11. Rac1 d5 12. Na5 Nxa5 13. Qxa5 Qxa5 14. Bxa5 Bd6
15. b3 Nd7 16. Rc2 Rfc8 17. Rfc1 Bc7 18. Bxc7 Rxc7 19. b4 Rac8 20. Nd4 Bc6 21.
Nb3 Ba4 22. Rc3 c4 23. Nd2 Nb6 24. dxc4 Nxc4 25. e4 Rd8 26. exd5 exd5 27. Bxd5
Rxd5 28. Rxc4 Rxc4 29. Nxc4 Kf8 30. Nb6 Rd1+ 31. Rxd1 Bxd1 32. Nd5 Be2 33. f4
Ke8 34. Kf2 Bc4 35. Nc3 Kd7 36. Ke3 Ke6 37. Kd4 Bf1 38. a3 f6 39. Nd5 Kd6 40.
h4 Bb5 41. Ne3 Bd7 42. g4 Kc6 43. a4 Kd6 44. Nf5+ Kc7 45. Nxg7 Bxa4 46. Nh5 Bb3
47. Nxf6 h6 48. Kc5 Bf7 49. g5 hxg5 50. fxg5 Kd8 51. Kd6 1-0

[Event "73. Bezirkseinzelmeisterschaft 2018-19"]
[Site "Dortmund"]
[Date "2019.08.13"]
[Round "2.3"]
[White "Strack, Patrick"]
[Black "Burchert, Wolfgang"]
[Result "1-0"]
[WhiteElo "1627"]
[BlackElo "2057"]
[PlyCount "53"]
[EventDate "2019.??.??"]
[WhiteTeam "SF Brackel"]
[BlackTeam "SC Hansa Dortmund"]

1. e4 c5 2. d4 cxd4 3. c3 d3 4. Bxd3 d6 5. Nf3 Nf6 6. c4 e6 7. Nc3 Be7 8. O-O
Nbd7 9. Bc2 Qc7 10. Nb5 Qb8 11. Bf4 Ne5 12. c5 Nxf3+ 13. Qxf3 e5 14. cxd6 Bxd6
15. Qd3 Be7 16. Bg3 a6 17. Nc3 O-O 18. Rfd1 Nh5 19. Nd5 Bd8 20. Bb3 Nxg3 21.
Qxg3 Be6 22. Rac1 Kh8 23. Qe3 b5 24. Rc6 Qb7 25. Rcc1 Rc8 26. Rxc8 Bxc8 27. Qc5
1-0

[Event "73. Bezirkseinzelmeisterschaft 2018-19"]
[Site "Dortmund"]
[Date "2019.08.13"]
[Round "2.4"]
[White "Barskij, Aleksandr"]
[Black "Jähnicke, Karl-Heinz"]
[Result "1-0"]
[WhiteElo "1890"]
[BlackElo "1774"]
[PlyCount "121"]
[EventDate "2019.??.??"]
[WhiteTeam "SF Brackel"]
[BlackTeam "SV Rochade Eving"]

1. e4 e5 2. Nf3 d6 3. d4 exd4 4. Nxd4 Nf6 5. Nc3 a6 6. Bf4 Be7 7. Qd2 Nc6 8.
O-O-O Nxd4 9. Qxd4 Be6 10. Kb1 Qc8 11. Nd5 Bxd5 12. exd5 O-O 13. f3 Qd7 14. Bd3
Ne8 15. g4 Bf6 16. Qe4 g6 17. g5 Bh8 18. h4 Ng7 19. Bf1 Rfe8 20. Qc4 Re7 21.
Bh3 Qe8 22. Bd2 Nh5 23. Rhe1 Rxe1 24. Rxe1 Qd8 25. Ba5 b6 26. Bd2 Be5 27. f4 b5
28. Qe4 f5 29. gxf6 Bxf6 30. Qe6+ Kg7 31. f5 Bxh4 32. fxg6 hxg6 33. Bc3+ Bf6
34. Qe7+ Qxe7 35. Rxe7+ Kh6 36. Bxf6 Nxf6 37. Rxc7 Re8 38. a3 Nxd5 39. Rc6 Re1+
40. Ka2 Nf4 41. Bc8 a5 42. Rxd6 Re5 43. Bd7 Rc5 $11 44. c3 Kg7 45. Rb6 Nd3 46.
Rxb5 Rc7 47. Bg4 a4 48. Ra5 Rb7 49. Rxa4 Rxb2+ 50. Ka1 Rc2 51. Rc4 Ne5 52. Rc7+
Kf8 53. Kb1 Rd2 54. Bc8 Ke8 55. Be6 Kd8 56. Rg7 Rd6 57. Bb3 Nf3 58. a4 g5 59.
Kb2 Kc8 60. Bc4 Ne5 61. Kb3 {und Zeitueberschreitung fuer schwarz} 1-0

[Event "73. Bezirkseinzelmeisterschaft 2018-19"]
[Site "Dortmund"]
[Date "2019.08.13"]
[Round "2.5"]
[White "Richter, Jan"]
[Black "Slanina, Aaron"]
[Result "0-1"]
[WhiteElo "1745"]
[BlackElo "1808"]
[PlyCount "174"]
[EventDate "2019.??.??"]
[WhiteTeam "SV Eichlinghofen"]
[BlackTeam "SF Brackel"]

1. c4 Nf6 2. g3 e6 3. Bg2 d5 4. cxd5 exd5 5. d4 Be7 6. Nc3 O-O 7. Nf3 c6 8. O-O
Re8 9. e3 Nbd7 10. b3 Nf8 11. Bb2 Bg4 12. Qd2 Bxf3 13. Bxf3 Qd7 14. Qd3 Qh3 15.
Bg2 Qh5 16. f3 Ne6 17. Rad1 Rad8 18. Ne2 Bb4 19. a3 Ba5 20. b4 Bb6 21. Rde1 Rd7
22. Nc1 Rde7 23. Nb3 Qg6 24. Qxg6 hxg6 25. Kf2 g5 26. g4 Nf8 27. Nc5 Ng6 28.
Rh1 Nh4 29. Bf1 Rd8 30. Bd3 Ne8 31. f4 Nd6 32. f5 Rde8 33. Re2 Bxc5 34. dxc5
Ne4+ 35. Bxe4 Rxe4 36. h3 f6 37. Bd4 Kf7 38. Rd2 g6 39. fxg6+ Kxg6 40. Kg3 f5
41. Rf1 Rf8 42. Rd3 Rf7 43. Rd2 f4+ 44. exf4 gxf4+ 45. Kf2 Rfe7 46. Rb1 a6 47.
Rb3 Kg5 48. a4 Ng6 49. b5 axb5 50. axb5 Ne5 51. Bxe5 R7xe5 52. bxc6 bxc6 53.
Rb8 Rc4 54. Rg8+ Kf6 55. h4 Rxc5 56. Rf8+ Kg7 57. Rxf4 Rc3 58. Rf3 Rc4 59. Rg3
Ree4 60. h5 Rf4+ 61. Ke2 Kh6 62. g5+ Kxh5 63. g6 Rg4 64. Rdd3 Rxg6 65. Rh3+ Kg5
66. Rdf3 Re6+ 67. Kd3 Ree4 68. Rh8 Rf4 69. Rg8+ Kf6 70. Rfg3 Ke5 71. R8g6 Rf6
72. R6g5+ Kd6 73. Re3 Rcf4 74. Ree5 Kc5 75. Rh5 Rf2 76. Re3 R6f3 77. Rh3 Rxh3
78. Rxh3 Ra2 79. Rh4 Ra3+ 80. Kc2 d4 81. Rh5+ Kc4 82. Rh4 c5 83. Rg4 Ra2+ 84.
Kb1 Rh2 85. Rg1 d3 86. Kc1 Kc3 87. Kd1 Ra2 0-1

[Event "73. Bezirkseinzelmeisterschaft 2018-19"]
[Site "Dortmund"]
[Date "2019.08.13"]
[Round "2.6"]
[White "Grube, Jörg"]
[Black "Surmann, Christoph"]
[Result "1-0"]
[WhiteElo "1815"]
[BlackElo "1764"]
[PlyCount "65"]
[EventDate "2019.??.??"]
[WhiteTeam "FS 98 Dortmund"]
[BlackTeam "Dortmunder SV 1875"]

1. Nf3 Nf6 2. d4 g6 3. c4 Bg7 4. Nc3 d5 5. cxd5 Nxd5 6. Na4 O-O 7. e4 Nb6 8.
Nc3 Bg4 9. Be3 Nc6 10. d5 Ne5 11. Rc1 f5 12. Be2 fxe4 13. Nxe5 Bxe2 14. Qxe2
Bxe5 15. Qg4 Bxc3+ 16. Rxc3 Nxd5 17. Rb3 Nxe3 18. Rxe3 Qd4 19. Qe2 Qb4+ 20. Rc3
Rad8 21. O-O Qd6 22. Qxe4 c6 23. Qa4 Qd4 24. Qb3+ Kh8 25. g3 Rf5 26. Rc4 Qf6
27. Qxb7 Rd2 $11 28. Rxc6 Rxb2 29. Qa8+ Qf8 30. Rc8 Rbxf2 31. Rxf8+ Rxf8 32.
Qxf8+ Rxf8 33. Rxf8+ 1-0

[Event "73. Bezirkseinzelmeisterschaft 2018-19"]
[Site "Dortmund"]
[Date "2019.08.13"]
[Round "2.7"]
[White "Tomasjan, Samuel"]
[Black "Schulz-Runge, Michael"]
[Result "0-1"]
[WhiteElo "1662"]
[BlackElo "1758"]
[PlyCount "102"]
[EventDate "2019.??.??"]
[WhiteTeam "SF Brackel"]
[BlackTeam "FS 98 Dortmund"]

1. e4 c5 2. Nf3 Nc6 3. d4 cxd4 4. Nxd4 Qb6 5. Nxc6 dxc6 6. Bd3 g6 7. O-O Bg7 8.
c3 Be6 9. Qc2 Nf6 10. Be3 Qc7 11. f3 h5 12. Nd2 h4 13. Bc4 Bxc4 14. Nxc4 b5 15.
Nd2 h3 16. g3 Nh5 17. f4 g5 18. Rf3 gxf4 19. Bxf4 Nxf4 20. Rxf4 Bh6 21. Rf3
O-O-O 22. Nb3 f6 23. a4 bxa4 24. Rxa4 Qb6+ 25. Kh1 Rd7 26. Rf1 Rhd8 27. Rd4 Be3
28. Rxd7 Rxd7 29. c4 Rb7 30. Nd2 Qxb2 31. Qxb2 Rxb2 32. Nf3 Rf2 33. Rxf2 Bxf2
34. e5 Kd7 35. g4 Be3 36. exf6 exf6 37. Ne1 Kd6 38. Nc2 Bf2 39. Nb4 a5 40. Nd3
Be3 41. c5+ Kd5 42. g5 Bxg5 43. Kg1 Be3+ 44. Kh1 a4 45. Ne1 f5 46. Nc2 f4 47.
Nb4+ Kxc5 48. Na6+ Kc4 49. Nb4 Bd2 50. Nc2 Kd3 51. Na3 Bc1 0-1

[Event "73. Bezirkseinzelmeisterschaft 2018-19"]
[Site "Dortmund"]
[Date "2019.08.13"]
[Round "2.8"]
[White "Sprungala, Erik"]
[Black "Krams, Amatus"]
[Result "1-0"]
[WhiteElo "1833"]
[BlackElo "1729"]
[PlyCount "91"]
[EventDate "2019.??.??"]
[WhiteTeam "SV Rochade Eving"]
[BlackTeam "SV Rochade Eving"]

1. d4 d5 2. c4 e5 3. dxe5 d4 4. Nf3 Nc6 5. a3 Bg4 6. Nbd2 Qd7 7. g3 Be7 8. Bg2
g5 9. h3 Be6 10. b4 Rd8 11. b5 Nb8 12. Bb2 d3 13. e3 c5 14. Qb3 b6 15. a4 h5
16. a5 Rh6 17. axb6 axb6 18. Ra8 Kf8 19. Qa4 g4 20. hxg4 hxg4 21. Nh2 Bg5 22.
Ra7 Qe8 23. Ne4 f6 24. exf6 Nxf6 25. Nxg5 Qg6 26. Nxe6+ Ke8 27. Ng7+ Kf8 28.
Ne6+ Ke8 29. O-O Rd7 30. Bc6 Nxc6 31. bxc6 Rxa7 32. Qxa7 Rh7 33. Qb8+ Ke7 34.
Qf8+ Kxe6 35. Qxf6+ Qxf6 36. Bxf6 Kxf6 37. Nxg4+ Kf5 38. f3 Rc7 39. Rd1 Rxc6
40. Rxd3 Re6 41. e4+ Kg5 42. Rd5+ Kg6 43. Kf2 Kf7 44. Ke3 Ke7 45. Re5 Rxe5 46.
Nxe5 1-0

[Event "73. Bezirkseinzelmeisterschaft 2018-19"]
[Site "Dortmund"]
[Date "2019.08.13"]
[Round "2.9"]
[White "Krug, Michael"]
[Black "Alghawi, Abdullah"]
[Result "0-1"]
[WhiteElo "1891"]
[BlackElo "1906"]
[PlyCount "62"]
[EventDate "2019.??.??"]
[WhiteTeam "SC Wambel 77"]
[BlackTeam "FS 98 Dortmund"]

1. d4 Nf6 2. Nf3 g6 3. g3 Bg7 4. Bg2 O-O 5. O-O c5 6. c4 cxd4 7. Nxd4 Nc6 8.
Nxc6 bxc6 9. e4 Qa5 10. Re1 Ba6 11. Nd2 d6 12. a3 Rab8 13. Rb1 c5 14. Re3 Nd7
15. b4 cxb4 16. axb4 Qc7 17. b5 Bc8 18. Bb2 Ne5 19. Qc2 Be6 20. Rc1 Rfc8 21.
Rb3 Qb6 22. Bf1 Ng4 23. Nf3 Bxc4 24. Bxc4 Rxc4 25. Qxc4 Qxf2+ 26. Kh1 Ne3 27.
Rxe3 Qxe3 28. Nd4 Qxe4+ 29. Kg1 Bh6 30. Nc6 Be3+ 31. Kf1 Qf3+ 0-1

[Event "73. Bezirkseinzelmeisterschaft 2018-19"]
[Site "Dortmund"]
[Date "2019.08.13"]
[Round "2.10"]
[White "Kantor, Nikita"]
[Black "Sonntag, Hans-Joachim"]
[Result "1-0"]
[WhiteElo "1847"]
[BlackElo "1700"]
[PlyCount "53"]
[EventDate "2019.??.??"]
[WhiteTeam "SF Brackel"]
[BlackTeam "FS 98 Dortmund"]

1. e4 c5 2. Nf3 d6 3. d4 cxd4 4. Qxd4 a6 5. Nc3 Nc6 6. Qd2 Nf6 7. b3 e6 8. Bb2
Qc7 9. O-O-O Bd7 10. Kb1 Rd8 11. Bd3 Nb4 12. Rhe1 Nxd3 13. cxd3 Bc6 14. d4 Be7
15. d5 Bd7 16. e5 Ng4 17. h3 Nh6 18. Ne4 O-O 19. Nf6+ Bxf6 20. exf6 e5 21. g4
Nxg4 22. hxg4 gxf6 23. Qh6 Rc8 24. Rc1 Qd8 25. Rh1 Re8 26. Nh4 Rxc1+ 27. Bxc1
1-0

[Event "73. Bezirkseinzelmeisterschaft 2018-19"]
[Site "Dortmund"]
[Date "2019.08.13"]
[Round "2.11"]
[White "Rauschenbusch, Udo"]
[Black "Schneider, Daniel"]
[Result "1-0"]
[WhiteElo "1637"]
[BlackElo "1636"]
[PlyCount "109"]
[EventDate "2019.??.??"]
[WhiteTeam "FS 98 Dortmund"]
[BlackTeam "SF Brackel"]

1. d4 d5 2. Bf4 Nf6 3. e3 Bf5 4. Nf3 e6 5. Nbd2 h6 6. h3 c5 7. Bxb8 Rxb8 8.
Bb5+ Ke7 9. dxc5 Qc7 10. b4 a6 11. Bd3 Bh7 12. Bxh7 Rxh7 13. c4 b6 14. Rc1 bxc5
15. cxd5 Rxb4 16. dxe6 fxe6 17. Nc4 Qd7 18. Qe2 Ne4 19. Nfe5 Qb5 20. O-O Nd6
21. Qc2 Nxc4 22. Nxc4 Rh8 23. Ne5 Kf6 24. f4 Qe8 25. Rcd1 Rb7 26. Qc3 Be7 27.
g4 g6 28. Rf2 Kg7 29. Rfd2 Kg8 30. Qc4 Rb6 31. f5 gxf5 32. gxf5 Kh7 33. Rg2 Rg8
34. Qc2 Rxg2+ 35. Kxg2 Kg7 36. Rg1 Qh5 37. Kh2+ Bg5 38. f6+ Kg8 39. f7+ Kg7 40.
f8=Q+ Kxf8 41. Qxc5+ Ke8 42. Qc8+ Ke7 43. Qd7+ Kf8 44. Rf1+ Kg8 45. Qc8+ Kg7
46. Rf7+ Qxf7 47. Nxf7 Rb2+ 48. Kg3 Kxf7 49. Qd7+ Be7 50. a4 h5 51. Qa7 h4+ 52.
Kf3 Rh2 53. Qxa6 Rxh3+ 54. Ke4 Bg5 55. Qf1+ 1-0

[Event "73. Bezirkseinzelmeisterschaft 2018-19"]
[Site "Dortmund"]
[Date "2019.08.13"]
[Round "2.12"]
[White "Kommessin, Felix"]
[Black "Kaluza, Lucas"]
[Result "0-1"]
[WhiteElo "1242"]
[BlackElo "1528"]
[PlyCount "56"]
[EventDate "2019.??.??"]
[WhiteTeam "SF Brackel"]
[BlackTeam "SF Brackel"]

1. e4 e5 2. Nf3 Nc6 3. Nc3 Nf6 4. Bb5 Nd4 5. Nxd4 exd4 6. Ne2 c6 7. Bc4 Nxe4 8.
Nxd4 d5 9. Bb3 Nxf2 10. Kxf2 Qh4+ 11. g3 Qxd4+ 12. Kg2 Qe4+ 13. Qf3 Bh3+ 14.
Kf2 Bc5+ 15. d4 Qxd4+ 16. Ke1 O-O 17. Bd2 Rfe8+ 18. Kd1 Bg4 19. Qxg4 Qxg4+ 20.
Kc1 Qf3 21. Rd1 Re2 22. Kb1 Rxd2 23. Rc1 Rd1 24. a3 Rxc1+ 25. Kxc1 Qf1+ 26. Kd2
Qf2+ 27. Kd1 Be3 28. c3 Qd2# 0-1

[Event "73. Bezirkseinzelmeisterschaft 2018-19"]
[Site "Dortmund"]
[Date "2019.08.13"]
[Round "2.13"]
[White "Borch, Roland"]
[Black "Richter, Tim"]
[Result "1-0"]
[WhiteElo "1520"]
[BlackElo "1276"]
[PlyCount "141"]
[EventDate "2019.??.??"]
[WhiteTeam "Marten-Bövinghausen"]
[BlackTeam "SV Eichlinghofen"]

1. b3 b6 2. e3 Bb7 3. Nf3 e6 4. c4 Nf6 5. Nc3 c6 6. Bb2 d5 7. Be2 Nbd7 8. d4
Bd6 9. Rc1 Rc8 10. O-O O-O 11. cxd5 exd5 12. h3 Qe7 13. Rc2 Rc7 14. Qb1 b5 15.
a3 a5 16. b4 Ra8 17. Rfc1 Ne8 18. Na2 axb4 19. axb4 Bxb4 20. Bxb5 Rac8 21. Bd3
g6 22. Re2 f5 23. Ba1 Bd6 24. Bc3 Ra8 25. Rb2 Bc8 26. Nb4 Bb7 27. Nxd5 cxd5 28.
Rxb7 Qd8 29. Rxc7 Qxc7 30. Bb4 Qb6 31. Bxd6 Qxb1 32. Bxb1 Nxd6 33. Kf1 Ra1 34.
Nd2 Ne4 35. Nb3 Ra7 36. Bxe4 fxe4 37. f4 exf3 38. gxf3 Nf6 39. Nd2 Re7 40. Ke1
Kf7 41. e4 dxe4 42. fxe4 Ke6 43. Rb1 Rf7 44. Rb6+ Ke7 45. Rb7+ Nd7 46. Ke2 Ke6
47. Ke3 g5 48. d5+ Ke7 49. e5 Rf5 50. Kd4 Rf4+ 51. Ne4 Kd8 52. d6 Kc8 53. Rc7+
Kb8 54. Rxd7 Rf1 55. Nxg5 Rd1+ 56. Ke4 Re1+ 57. Kf5 Rf1+ 58. Ke6 Rg1 59. Nxh7
Rg6+ 60. Nf6 Kc8 61. Rh7 Kb8 62. d7 Kc7 63. Rh8 Rxf6+ 64. exf6 Kc6 65. Rc8+ Kb7
66. d8=Q Ka7 67. Kd6 Kb7 68. Qd7+ Kb6 69. Qc6+ Ka5 70. Qb7 Ka4 71. Ra8# 1-0

[Event "73. Bezirkseinzelmeisterschaft 2018-19"]
[Site "Dortmund"]
[Date "2019.08.13"]
[Round "2.14"]
[White "Sahakyan, Tigran"]
[Black "Ziemek, Gerhard"]
[Result "0-1"]
[WhiteElo "1172"]
[BlackElo "1519"]
[PlyCount "42"]
[EventDate "2019.??.??"]
[WhiteTeam "SF Brackel"]
[BlackTeam "Marten-Bövinghausen"]

1. e4 e5 2. Nf3 Nc6 3. Bc4 Nd4 4. Nxd4 exd4 5. c3 Bc5 6. d3 d6 7. Qb3 Qe7 8.
Bf4 c6 9. Qd1 Nf6 10. Nd2 O-O 11. Bg5 a5 12. a4 Bg4 13. Bxf6 Qxf6 14. Qxg4 dxc3
15. Nf3 cxb2 16. Rb1 Qc3+ 17. Ke2 d5 18. exd5 Rae8+ 19. Kd1 cxd5 20. Bb5 Qb3+
21. Kd2 Bb4+ 0-1

[Event "73. Bezirkseinzelmeisterschaft 2018-19"]
[Site "Dortmund"]
[Date "2019.08.13"]
[Round "2.15"]
[White "Schacht, Jürgen"]
[Black "Maghrbi, Bassam"]
[Result "0-1"]
[WhiteElo "1462"]
[BlackElo "1207"]
[PlyCount "80"]
[EventDate "2019.??.??"]
[WhiteTeam "SV Rochade Eving"]
[BlackTeam "FS 98 Dortmund"]

1. Nf3 d5 2. d4 Bf5 3. c4 e6 4. e3 c6 5. Nc3 Be7 6. a3 Nd7 7. Bd2 Ngf6 8. Rc1
O-O 9. Be2 Bg4 10. cxd5 exd5 11. O-O Bd6 12. h3 Bh5 13. Ne1 Bxe2 14. Qxe2 Re8
15. f4 Ne4 16. Nxe4 Rxe4 17. g3 Qe7 18. Qd3 Qe6 19. Kg2 Re8 20. Rf3 f5 21. Rc3
Qg6 22. Qf1 Nf6 23. Nd3 R4e7 24. Rb3 Ne4 25. Bc1 Rc7 26. Nf2 h5 27. Nxe4 fxe4
28. Rf2 Rf8 29. Bd2 b6 30. Bb4 c5 31. dxc5 bxc5 32. Bc3 Qf7 33. Rb5 Qd7 34. Rd2
Rf5 35. Rb8+ Kf7 36. Qd1 Bf8 37. Ba5 Rb7 38. Rd8 Qb5 39. Bc3 Rd7 40. Rxd5 Rfxd5
0-1

[Event "73. Bezirkseinzelmeisterschaft 2018-19"]
[Site "Dortmund"]
[Date "2019.08.13"]
[Round "2.16"]
[White "Rabe, Mark"]
[Black "Pachura, Karl-Heinz"]
[Result "0-1"]
[WhiteElo "1134"]
[BlackElo "1435"]
[PlyCount "84"]
[EventDate "2019.??.??"]
[WhiteTeam "FS 98 Dortmund"]
[BlackTeam "SF Brackel"]

1. c4 d5 2. e3 dxc4 3. Bxc4 e6 4. Nc3 Nf6 5. Nf3 Bd6 6. d4 O-O 7. e4 Bb4 8. O-O
Bxc3 9. bxc3 Nxe4 10. Qd3 Nd6 11. Bb3 a5 12. Bc2 f5 13. g4 Qf6 14. g5 Qg6 15.
Ne5 Qh5 16. Bd1 Qe8 17. Bc2 Nd7 18. Nf3 Qh5 19. Kh1 b6 20. Bd1 Ba6 21. Qe3 Bxf1
22. Qxe6+ Qf7 23. Bb3 Bc4 24. Qxf7+ Bxf7 25. Bc2 Bd5 26. Bd1 Rae8 27. Bd2 Bxf3+
28. Bxf3 Ne4 29. Be3 f4 30. Bc1 Nxc3 31. Bb2 Ne4 32. Rc1 c5 33. Kg2 Nxg5 34.
Bd5+ Kh8 35. dxc5 Nxc5 36. h4 f3+ 37. Kg3 Nge4+ 38. Kh2 Nxf2 39. Rg1 Re7 40. h5
Nfd3 41. h6 Nxb2 42. hxg7+ Rxg7 0-1

[Event "73. Bezirkseinzelmeisterschaft 2018-19"]
[Site "Dortmund"]
[Date "2019.08.13"]
[Round "2.17"]
[White "Zabel, Reinhard"]
[Black "Griese, Andreas"]
[Result "1-0"]
[WhiteElo "1417"]
[BlackElo "1170"]
[PlyCount "123"]
[EventDate "2019.??.??"]
[WhiteTeam "DB Brambauer"]
[BlackTeam "SC Hansa Dortmund"]

1. e4 c5 2. c3 d6 3. d4 cxd4 4. cxd4 Nf6 5. Nc3 a6 6. Nf3 Nc6 7. Bg5 e6 8. e5
dxe5 9. dxe5 Qxd1+ 10. Rxd1 Ng4 11. h3 Ngxe5 12. Nxe5 f6 13. Nxc6 bxc6 14. Be3
Be7 15. Bc4 Kf7 16. Ke2 c5 17. Rhg1 Rd8 18. Rxd8 Bxd8 19. Ne4 Be7 20. g4 g5 21.
Rd1 h6 22. Nd6+ Bxd6 23. Rxd6 a5 24. Rd8 Ke7 25. Rh8 Kd6 26. f4 gxf4 27. Bxf4+
e5 28. Bxh6 Bxg4+ 29. hxg4 Rxh8 30. Be3 Rh2+ 31. Bf2 Rg2 32. Kf3 Rh2 33. b3 Rh1
34. a4 Rh8 35. Ke4 Rh2 36. Be1 Rg2 37. Kf5 Ke7 38. Bh4 Kd6 39. Bxf6 Rf2+ 40.
Kg6 e4 41. Bh4 Rg2 42. g5 e3 43. Be1 Ke5 44. Bh4 Kf4 45. Kh5 e2 46. Kg6 Rh2 47.
Be1 Rg2 48. Bd2+ Ke5 49. Bxa5 Kd4 50. Bd2 Ke4 51. a5 Rf2 52. a6 Rf8 53. Kh7 Rd8
54. Bc3 Rd7+ 55. Kh6 Kf3 56. g6 Kf2 57. g7 Rd6+ 58. Kh7 Rd7 59. Kh8 Rxg7 60.
Kxg7 e1=Q 61. Bxe1+ Kxe1 62. a7 1-0